| 000 | 01117nam a2200313 a 4500 | ||
|---|---|---|---|
| 001 | C01291953c-5 | ||
| 003 | CO-ViMGA | ||
| 005 | 20230915223801.0 | ||
| 008 | 111004s2011 sp a gr 000 0 spa d | ||
| 020 | _a9788492769797 | ||
| 040 |
_aCO-ViMGA _bspa _cCO-ViMGA |
||
| 041 | 1 | _hfre | |
| 043 |
_ae-sp--- _an-mx--- |
||
| 082 | 0 | 4 |
_a741.5 _bP35u _220 |
| 100 | 1 |
_aPellejero, Rubén, _d1952- _93300 |
|
| 245 | 1 | 0 |
_aUn verano insolente / _cRubén Pellejero, Denis Lapière ; traducción de Ana Sánchez. |
| 260 |
_aBilbao : _bAstiberri Ediciones, _c2011. |
||
| 300 |
_a110 p. : _bil. ; _c25 cm. |
||
| 490 | 0 | _aColección Sillón orejero | |
| 534 |
_pTítulo original : _tL'impertinence d'un été. |
||
| 650 | 1 | 4 |
_aNovela gráfica española. _92530 |
| 650 | 1 | 4 |
_aPersonajes _x Tiras cómicas, historietas, etc. _93301 |
| 650 | 1 | 4 |
_aTiras cómicas, historietas, etc. _92479 |
| 651 | 4 |
_aMéxico _x Historia _v Novela gráfica. _93302 |
|
| 651 | 4 |
_aMéxico _x Historia _x Tiras cómicas, historietas, etc. _93303 |
|
| 700 | 1 |
_aLapière, Denis. _93304 |
|
| 700 | 1 |
_aSánchez, Ana, _etr. _93305 |
|
| 942 |
_2ddc _cBK |
||
| 999 |
_c10364 _d10364 |
||